西晋州级行政区(281年)- 地图版 - Statistics

General Stats
  • This quiz has been taken 98 times
  • The average score is 14 of 20
Answers on the Map
Answers color-coded by a green-red scale on the quiz's map according to % correct below.
 
Answer Stats
Answer % Correct
荆州
94%
扬州
90%
交州
90%
益州
87%
凉州
87%
青州
82%
广州
82%
并州
80%
兖州
79%
冀州
77%
徐州
76%
西域长史府
76%
豫州
70%
幽州
70%
司州
66%
雍州
66%
梁州
56%
秦州
44%
宁州
34%
平州
32%
No matching quizzes found
Score Distribution
Percent of People with Each Score
Percentile by Number Answered
Your Score History
You have not taken this quiz